000 00675nam a2200265Ia 4500
001 9212
005 20240113234155.0
007 ta
008 050723s1964 a g b000 u eng u
040 _aCotton College Assam
041 _aeng
082 _a821.8209
_bC 426 R
100 _aChesterton, G.K. .
245 0 _aRobert Browning /
_cG.K. Chesterton.
_hTextual Documents
250 _a1st ed /
260 _aLondon :
_bMacmillan and Co ,
_c1964.
300 _a207p. :
_bill ;
_c18cm. .
504 _aIndex
653 _aEnglish Poetry-Criticism
653 _aG-English
942 _2ddc
_cBK
999 _c9199
_d9199